Ciudades Más Grandes de España (Extremo) - Estadísticas

Estadísticas generales
  • Esta prueba ha sido intentada 462 veces
  • La puntuación promedio es 89 de 148
Estadísticas de respuestas
Población Ciudad % Correcto
1,636,762 Barcelona
99%
3,266,126 Madrid
99%
794,288 València
97%
688,592 Sevilla
95%
346,843 Bilbao
93%
674,997 Zaragoza
93%
325,701 Córdoba
92%
574,654 Málaga
92%
334,887 Alicante
90%
453,258 Murcia
90%
143,663 Huelva
89%
295,364 Vigo
89%
232,462 Granada
88%
134,515 Tarragona
88%
84,873 Toledo
88%
298,412 Valladolid
88%
245,711 A Coruña
87%
124,303 León
87%
219,686 Oviedo
87%
198,533 Almería
86%
116,027 Cádiz
86%
271,780 Gijón
86%
172,539 Santander
86%
175,821 Burgos
85%
96,126 Cáceres
85%
101,852 Girona
85%
379,925 Las Palmas de Gran Canaria
85%
144,228 Salamanca
85%
173,329 Albacete
84%
150,702 Badajoz
84%
85,871 Guadalajara
83%
53,132 Huesca
83%
138,956 Lleida
83%
183,374 Getafe
82%
112,999 Jaén
82%
98,276 Lugo
82%
57,744 Ávila
81%
214,802 Cartagena
81%
74,746 Ciudad Real
81%
416,065 Palma de Mallorca
81%
201,653 Pamplona
81%
83,029 Pontevedra
81%
97,260 Santiago de Compostela
79%
51,674 Segovia
79%
78,412 Palencia
78%
207,312 Santa Cruz de Tenerife
78%
54,690 Cuenca
77%
232,517 Elche
77%
143,386 Marbella
77%
59,335 Mérida
77%
61,406 Zamora
77%
151,136 Logroño
76%
209,184 Móstoles
76%
189,861 Leganés
74%
105,233 Ourense
74%
212,749 Jerez de la Frontera
73%
195,649 Alcalá de Henares
71%
187,415 Donostia San Sebastián
70%
133,968 Dos Hermanas
70%
213,644 Sabadell
70%
170,514 Alcorcón
68%
104,373 Reus
68%
220,440 Badalona
67%
68,721 Benidorm
67%
251,774 Vitoria-Gasteiz
67%
121,957 Algeciras
66%
193,700 Fuenlabrada
66%
171,728 Castellón de la Plana
64%
83,417 Talavera de la Reina
64%
100,881 Barakaldo
63%
94,404 Lorca
62%
78,182 Avilés
61%
130,124 Parla
60%
84,777 Ceuta
59%
80,309 Fuengirola
59%
86,487 Melilla
59%
220,556 Terrassa
59%
83,337 Torrevieja
59%
117,040 Alcobendas
58%
264,923 L'Hospitalet de Llobregat
58%
64,674 Ponferrada
57%
94,979 San Fernando
57%
131,376 Torrejón de Ardoz
57%
74,562 Gandia
55%
62,401 Irun
55%
82,208 Torrent
55%
66,065 Ferrol
54%
88,405 El Puerto de Santa María
53%
52,526 Pinto
53%
68,684 Torremolinos
53%
75,983 Valdemoro
53%
83,594 El Ejido
52%
77,946 Getxo
52%
96,800 Roquetas de Mar
51%
128,265 Mataró
50%
89,276 San Sebastián de los Reyes
50%
77,714 Manresa
49%
77,414 Orihuela
49%
88,150 Rivas-Vaciamadrid
49%
57,414 Linares
48%
58,020 Motril
47%
81,643 Vélez-Málaga
47%
59,607 Aranjuez
46%
81,661 Coslada
45%
86,422 Pozuelo de Alarcón
45%
102,647 Telde
45%
68,128 Benalmádena
44%
68,286 Estepona
44%
71,826 Majadahonda
43%
157,503 La Laguna
42%
66,140 Sagunto
42%
82,742 Mijas
41%
51,494 Torrelavega
41%
84,489 Chiclana de la Frontera
40%
63,147 La Línea de la Concepción
40%
95,814 Las Rozas de Madrid
40%
75,279 Alcalá de Guadaíra
38%
81,216 Arona
37%
67,004 Castelldefels
37%
70,195 Paterna
36%
55,389 Arganda del Rey
35%
77,464 Rubí
35%
50,728 Utrera
35%
58,994 Alcoy
34%
54,570 Boadilla del Monte
33%
64,599 El Prat de Llobregat
33%
68,684 Sanlúcar de Barrameda
33%
62,988 Arrecife
32%
88,592 Cornellà de Llobregat
32%
91,006 Sant Cugat del Vallès
32%
50,893 Vila-Real
32%
61,275 Granollers
31%
63,679 Collado Villalba
29%
83,605 Sant Boi de Llobregat
27%
50,752 Colmenar Viejo
26%
119,215 Santa Coloma de Gramenet
26%
66,611 Viladecans
25%
67,086 Vilanova i la Geltrú
24%
50,559 Calvià
23%
52,618 Elda
20%
71,890 Molina de Segura
20%
58,385 San Vicente del Raspeig
20%
53,443 San Bartolomé de Tirajana
19%
57,403 Cerdanyola del Vallès
18%
73,328 Santa Lucía de Tirajana
18%
51,667 Siero
18%
51,318 Mollet del Vallès
16%
50,146 Granadilla de Abona
13%
No se encontraron pruebas coincidentes
Distribución de puntuación
Porcentaje de gente con cada puntuación
Porcentaje por número respondido
Historial de tus puntuaciones
No has intentado esta prueba.